000 00455cam a2200181 4500
001 D9076
008 090401t1978 xxu||||| |||| 00| 0 eng d
035 _a(Sirsi) u17285
041 _aeng
050 _a346.41032
100 _aStringer, George
245 _aProfessional negligence, commissioned by the Trustees of the Guy Bigwood Award
260 _aReading
_bCEM
_c1978
300 _a48p. 11cm
350 _a3
942 _n0
948 _c04/03/1997
999 _c87493
_d87493